| 000 | 02116nam0a2200397 4500 | ||
|---|---|---|---|
| 001 | RU\NLR\BIBL_A\022675031 | ||
| 005 | 20260201142129.0 | ||
| 010 |
_a978-5-907993-49-5 _950 |
||
| 035 | _a(NLR Aleph) 022675031 | ||
| 090 |
_a13539828 _c13539828 |
||
| 100 | _a20251128d2025 k y0rusy50 ca | ||
| 101 | 0 | _aeng | |
| 102 | _aRU | ||
| 105 | _aa j 000yy | ||
| 181 | 0 |
_ai3 _baxxe |
|
| 182 | 0 | _an | |
| 200 | 1 |
_aLung tissue lobar and focal consolidation syndrome. Lung cavity syndrome _etutorial for medical students _fProfessor, PhD, MD, Doctor of science (medicine) Timofeev E. V., PhD, MD, Doctor of science (medicine) Sukhanov D. S., PhD, MD Reeva S. V. [et al.] _gMinistry of health Russian Federation, Saint Petersburg state pediatric medical university |
|
| 203 |
_aТекст _bвизуальный _cнепосредственный |
||
| 210 |
_aSaint-Petersburg _cSPbGPMU _d2025 |
||
| 215 |
_a22 с. _cил., цв. ил. _d21 |
||
| 225 | 1 | _aLibrary of the Pediatric university | |
| 300 | _aАвт. указаны на обороте тит. с. | ||
| 320 | _aБиблиогр.: с. 21 (9 назв.) | ||
| 517 | 1 | _aLung cavity syndrome | |
| 541 | 1 | _aДолевой и очаговый синдром уплотнения легочной ткани. Синдром наличия полости в легком | |
| 606 | 1 |
_aЛегкие _jУчебные издания для высших учебных заведений _xБолезни _xЭтиология и патогенез _9949968 _3RU\NLR\AUTH\66353001 |
|
| 606 | 1 |
_aЛегкие _jУчебные издания для высших учебных заведений _xБолезни _xДиагностика _91470994 _3RU\NLR\AUTH\66624909 |
|
| 686 | 1 | _aР412.3-1я73 | |
| 686 | 1 | _aР412.3-4я73 | |
| 701 | 1 |
_7ba _8rus _aTimofeev _bE. V. _cд-р мед. наук _gEvgenij Vladimirovič _9248867 _3RU\NLR\AUTH\770248923 |
|
| 701 | 1 |
_7ba _8rus _aSuchanov _bD. S. _gDmitrij Sergeevič _9268206 _3RU\NLR\AUTH\770268262 |
|
| 701 | 1 |
_aReeva _bS. V. _gSvetlana Veniaminovna |
|
| 942 | _cBOOK | ||
| 980 | _aNB | ||